[Event "Klubbmesterskapet 2024 (A)"]
[Site "Ås, Akershus NOR"]
[Date "2024.03.07"]
[Round "5"]
[White "Johansen, Anders Sten"]
[Black "Kielland-Lund, Jon"]
[Result "1/2-1/2"]
[WhiteElo "1719"]
[BlackElo "1714"]
[PlyCount "60"]
[EventDate "2024.01.25"]

1. e4 c6 2. d4 d5 3. exd5 cxd5 4. Bd3 Nc6 5. c3 Qc7 6. h3 g6 7. Nf3 Bg7 8. O-O Nf6 9. Re1 Bf5 10. Na3 Bxd3 11. Qxd3 a6 12. Nc2 O-O 13. Ne5 Nd7 14. Nxd7 Qxd7 15. Bf4 Rac8 16. Ne3 e6 17. Ng4 h5 18. Ne5 Nxe5 19. Bxe5 Bxe5 20. Rxe5 Kg7 21. g4 hxg4 22. hxg4 Rh8 23. Rae1 Rh4 24. Qg3 Rch8 25. g5 Rh3 26. Qf4 R8h4 27. Qf6+ Kg8 28. Kg2 Rh2+ 29. Kg1 Rh1+ 30. Kg2 R1h2+ 1/2-1/2

[Event "Klubbmesterskapet 2024 (A)"]
[Site "Ås, Akershus NOR"]
[Date "2024.04.18"]
[Round "6"]
[White "Kielland-Lund, Jon"]
[Black "Andersen, Odd"]
[Result "1-0"]
[WhiteElo "1820"]
[BlackElo "1786"]
[Annotator "Tactical Analysis 5.3 (5s)"]
[PlyCount "81"]

1. c4 d6 2. d4 c6 3. e4 Qc7 4. Nf3 Nd7 5. Nc3 e5 6. Be2 Ngf6 7. Bg5 Be7 8. Qd2 {[%eval 0,42] [%wdl 6,988,6]} (8. O-O $16 {[%eval 72,31] [%wdl 225,775,0]}) 8... a6 {[%eval 54,27] [%wdl 98,902,0]} (8... h6 $11 {[%eval 0,42] [%wdl 6,988,6]} 9. Bh4 O-O) 9. Rc1 {[%eval 0,39] [%wdl 6,988,6]} (9. h3 $14 {[%eval 54,27] [%wdl 98,902,0]}) 9... O-O {[%eval 43,37] [%wdl 57,942,1]} (9... h6 $11 {[%eval 0,39] [%wdl 6,988,6]} 10. Be3 Ng4) 10. O-O {[%eval 0,30] [%wdl 5,989,6]} (10. h3 $14 {[%eval 43,37] [%wdl 57,942,1]}) 10... Re8 {[%eval 75,25] [%wdl 249,751,0]} (10... h6 $11 {[%eval 0,30] [%wdl 5,989,6] keeps the balance.} 11. Bh4 exd4 12. Qxd4 g5) 11. d5 {[%eval 7,29] [%wdl 8,988,4]} (11. h3 $16 {[%eval 75,25] [%wdl 249,751,0]}) 11... c5 {[%eval 91,25] [%wdl 442,558,0]} (11... h6 $1 $11 {[%eval 7,29] [%wdl 8,988,4]} 12. Bh4 Qb6) 12. a3 {[%eval 30,30] [%wdl 27,972,1] White is more active.} (12. h3 $16 {[%eval 91,25] [%wdl 442,558,0]}) 12... Nf8 {[%eval 89,31] [%wdl 410,590,0]} (12... h6 $11 {[%eval 30,30] [%wdl 27,972,1] remains equal.} 13. Be3 Ng4) 13. b4 b6 14. h3 Ng6 15. bxc5 {[%eval 40,30] [%wdl 44,955,1]} (15. Be3 $16 {[%eval 96,30] [%wdl 504,496,0]}) 15... bxc5 $14 16. Rb1 Bd7 17. Rb3 Rab8 18. Rfb1 Rxb3 19. Rxb3 Rb8 20. Qb2 {[%eval -10,40] [%wdl 2,990,8]} (20. Rxb8+ $142 {[%eval 24,37] [%wdl 17,982,1]} Qxb8 21. Qc2) 20... Rxb3 $11 21. Qxb3 h6 {[%eval 34,38] [%wdl 28,971,1]} (21... Nf4 $1 $11 {[%eval -14,36] [%wdl 2,988,10] might be stronger.}) 22. Be3 Nh7 {[%cal Bf6h7,Bh7g5,Bg5f3][%mdl 32]} 23. Bd3 Nf4 24. Bxf4 {[%eval -3,31] [%wdl 3,992,5]} (24. Bf1 $14 {[%eval 37,32] [%wdl 33,966,1]}) 24... exf4 25. Ne2 Ng5 26. Bc2 {[%eval -43,37] [%wdl 0,954,46]} (26. Nxf4 $11 {[%eval -3,31] [%wdl 4,991,5]} Nxf3+ 27. gxf3) 26... Nxf3+ $15 27. Qxf3 g5 {[%eval 0,43] [%wdl 4,992,4]} ({Black should try} 27... Qa5 $15 {[%eval -54,25] [%wdl 0,922,78]}) 28. Qc3 Bf8 29. Kh2 {[%eval -118,27] [%wdl 0,261,739]} (29. e5 $1 $15 {[%eval -32,32] [%wdl 1,974,25]}) 29... Bg7 $17 30. Qb3 {[#]} Be5 {[%eval -29,29] [%wdl 1,978,21]} (30... Qd8 $1 $17 {[%eval -115,26] [%wdl 0,291,709]}) 31. f3 $2 {[%eval -347,25] [%wdl 0,0,1000][%mdl 8192]} (31. Ng1 $1 $11 {[%eval -29,29] [%wdl 1,978,21] and White stays safe.}) 31... Qc8 32. Nc1 Kg7 $2 {[%eval 0,59] [%wdl 4,992,4]} (32... Qd8 $19 {[%eval -190,25] [%wdl 0,7,993][%cal Og5g4] Threatens to win with ...g4!} 33. Nd3 Bd4) 33. Nd3 $11 f6 {[%eval 59,44] [%wdl 100,900,0]} ({Better is} 33... Qc7 $11 {[%eval 0,59] [%wdl 4,992,4]}) 34. Nxe5 fxe5 $14 {[%eval 507,28] [%wdl 1000,0,0][%mdl 12288] [#] Endgame KQB-KQB} ({Black should play} 34... dxe5 $14 {[%eval 41,29] [%wdl 39,961,0]} 35. Qb6 h5) 35. Qb6 $18 g4 36. hxg4 Bxg4 $2 {[%eval 1310,22] [%wdl 1000,0,0]} (36... Qf8 {[%eval 304,28] [%wdl 1000,0,0]} 37. Kg1 (37. Qxa6 Qd8 $18) 37... Kf6 38. Qxa6 Qb8) 37. Qxd6 Bd7 38. Qxe5+ Kf7 39. Qxf4+ Ke7 40. e5 Kd8 41. Qf8+ {[%eval 3421,25] [%wdl 1000,0,0] Weighted Error Value: White=0.41/Black=0.68} (41. d6 $142 {[%eval 32750,32] [%wdl 1000,0,0]} Qc7 42. Qf8+ Be8 43. dxc7+ Kxc7 44. Qxe8 h5 45. Be4 h4 46. Qe7+ Kc8 47. e6 a5 48. Qd7+ Kb8 49. Qb7#) 1-0

[Event "Klubbmesterskapet 2024 (A)"]
[Site "Ås, Akershus NOR"]
[Date "2024.04.11"]
[Round "8"]
[White "Lea, Per"]
[Black "Kielland-Lund, Jon"]
[Result "1/2-1/2"]
[WhiteElo "1798"]
[BlackElo "1820"]
[Annotator "Lea,Per"]
[PlyCount "86"]
[EventDate "2024.01.25"]

1. c4 e5 2. g3 Nf6 3. Bg2 c6 4. d4 Bb4+ 5. Bd2 Bxd2+ 6. Qxd2 e4 7. Nc3 (7. d5
$14) 7... d5 8. c5 $2 O-O 9. e3 b6 10. b4 Ba6 11. Nge2 bxc5 12. bxc5 Nbd7 13.
O-O Rb8 14. Rfb1 Qc7 15. Rb3 Bc4 16. Rb2 (16. Ra3) 16... Rxb2 17. Qxb2 Rb8 18.
Qd2 Qa5 19. Nc1 Qa3 20. Rb1 Rxb1 21. Nxb1 Qa6 22. Nc3 Qa3 23. Nb1 Qa6 24. Nc3
Qb7 25. Qc2 Qb4 26. Nb3 Kf8 27. Nd2 Bd3 28. Qb3 Qb8 29. Bf1 Bxf1 30. Kxf1 Ke7
31. Kg2 Ne8 32. Kf1 (32. Nxd5+ $5 cxd5 33. Qxd5 Ndf6 (33... Nef6 34. Qc6 Qb2
35. Nxe4 Qxa2 36. Nxf6 Nxf6 37. Qc7+ Kf8 38. Qd6+ $11) 34. Qc6 Qd8 35. Qb7+ Qd7
36. Qa8 g6 37. Nxe4 (37. h3 Kf8 38. Nxe4 Qd5 39. Qxd5 Nxd5 40. g4 $15) 37...
Qd5 $15) 32... Kd8 33. Ke1 f5 34. Kd1 Nef6 35. h3 g5 36. Qa4 Qb7 37. Ne2 Kc8
38. Nb3 Nb8 39. Kc2 Qb5 (39... Qa6) (39... Ne8) 40. Qxb5 cxb5 41. Kc3 (41. Na5)
41... Nc6 42. Nd2 a5 43. a3 Kb7 1/2-1/2

[Event "Klubbmesterskapet 2024 (A)"]
[Site "Ås, Akershus NOR"]
[Date "2024.04.11"]
[Round "8"]
[White "Furnes, Torstein"]
[Black "Arvola, Daniel"]
[Result "1-0"]
[WhiteElo "1798"]
[BlackElo "1848"]
[Annotator "Furnes,Torstein"]
[PlyCount "67"]
[EventDate "2024.01.25"]

1. d4 Nf6 2. c4 e6 3. Nc3 d5 4. Bg5 Be7 5. e3 O-O 6. Nf3 c6 7. Rc1 Nbd7 8. Bd3 dxc4 9. Bxc4 b5 10. Bd3 a6 11. O-O Bb7 12. Bb1 ({Computeren liker bedre} 12. Ne4 Nxe4 13. Bxe7 Qxe7 14. Bxe4 $14) 12... Rc8 13. a3 $6 $15 (13. e4) 13... Qa5 $6 $18 {Stockfish liker ikke dette dronningtrekket der dronningen blir stående litt deplassert. (Hvit fordel på +2). Nå kan hvit starte en offensiv i sentrum og på kongefløyen.} 14. e4 Rfe8 15. e5 Nd5 16. Nxd5 exd5 17. Qd3 ({Her vil Stockfish ofre løperen:} 17. Bxh7+ $3 Kxh7 18. Bxe7 Rxe7 19. Ng5+ Kg8 (19... Kg6 20. Qd3+ $1 f5 (20... Kxg5 21. f4+ Kh6 22. Qh3+ Kg6 23. f5+ Kg5 24. g3) 21. g4 Rf8 22. f4) 20. Qh5 Nf8 21. Rc3 g6 22. Qh4 f6 23. Rh3 $3 fxg5 24. Qh8+ Kf7 25. Rf3+ Ke8 26. e6 $1 Kd8 27. Qxf8+ Kc7 28. Qxe7+ Kb8 29. Rf7 Qc7 30. Qxg5) 17... g6 18. h4 Bxg5 19. Nxg5 c5 20. f4 ({Her er Stockfish igjen klar til å ofre brikker:} 20. e6 $1 fxe6 21. Nxh7 $1 Nf8 (21... Kxh7 22. Qxg6+ Kh8 23. Qh7#) 22. Nf6+ Kf7 23. Nxe8 Kxe8 24. Rxc5) 20... Qa4 21. dxc5 ({Førstevalget til Stockfish er} 21. e6 $1 fxe6 22. dxc5) 21... Nxc5 {[#]} 22. Rxc5 $1 {Dette kvalitetsofferet fjerner en viktig forsvarsbrikke hos svart, men det viktigste poenget er at svarts dronning blir passivisert og innesperret etter hvits neste trekk.} Rxc5 23. b4 Rc4 24. h5 Bc8 25. hxg6 ({Nok en gang vil Stockfish ofre offiser:} 25. Nxh7 $1 Kxh7 26. hxg6+ Kg7 27. gxf7 Kxf7 28. Qh7+ Kf8 29. Bg6 Be6 30. Qh8+ Bg8 31. Qf6+ Bf7 32. Qxf7#) 25... fxg6 ({Etter} 25... hxg6 {kan det følge} 26. Nxf7 $1 Kxf7 27. Qxg6+ Kf8 28. Qh6+ Kf7 29. Qh7+ Kf8 30. Bg6 Be6 31. Qh8+ Bg8 32. Qf6+ Bf7 33. Qxf7#) 26. Qxd5+ Be6 27. Nxe6 Rxe6 28. Qxe6+ Kg7 29. Qe7+ Kg8 (29... Kh6 {blir matt i 4 trekk.} 30. Qf8+ Kh5 31. Bxg6+ $1 hxg6 (31... Kxg6 32. Qf6+ Kh5 33. Qg5#) (31... Kg4 32. Qf5+ Kh4 33. Qh3#) (31... Kh4 32. Qf6+ Kg3 33. Qg5#) 32. Qh8+ Kg4 33. Qh3#) 30. Ba2 ({Her mener faktisk Stockfish at raskeste vei til matt (#8) er} 30. Kh2) 30... Qxa3 31. Bxc4+ (31. Rd1 $1) 31... bxc4 32. e6 Qe3+ 33. Kh1 Qe2 34. Qf7+ 1-0

[Event "Klubbmesterskapet 2024 (A)"]
[Site "Ås, Akershus NOR"]
[Date "2024.04.11"]
[Round "8"]
[White "Holm, Bjarne"]
[Black "Andersen, Odd"]
[Result "1/2-1/2"]
[WhiteElo "1807"]
[BlackElo "1786"]
[PlyCount "193"]
[EventDate "2024.01.25"]

1. c4 e5 2. g3 Nf6 3. Nc3 c6 4. Bg2 d5 5. cxd5 cxd5 6. e3 Nc6 7. d4 e4 8. f3
Bf5 9. a3 Qd7 10. Nge2 Bd6 11. Nf4 Bxf4 12. exf4 Bh3 13. O-O Bxg2 14. Kxg2
exf3+ 15. Rxf3 O-O 16. b4 Ne4 17. Ra2 Rfe8 18. Re2 Re7 19. Rfe3 Nxc3 20. Rxc3
Rxe2+ 21. Qxe2 Nxd4 22. Qd3 Nc6 23. Rc5 Rd8 24. Bb2 f6 25. Qc2 Ne7 26. Bd4 Rc8
27. Rxc8+ Nxc8 28. a4 a6 29. b5 axb5 30. axb5 Nd6 31. b6 Nc4 32. Qa2 Qd8 33.
Qa7 Qc8 34. Qa2 Qe6 35. Qa8+ Kf7 36. Qxb7+ Kg6 37. Qb8 Qe4+ 38. Kh3 Qxd4 39.
Qe8+ Kh6 40. b7 Nd6 41. b8=Q Nxe8 42. Qxe8 Qe4 43. Qd7 d4 44. Qg4 Qd5 45. f5 g6
46. fxg6 hxg6 47. Qf4+ Kg7 48. Qc7+ Kf8 49. Qc8+ Kf7 50. Qc1 d3 51. Qd2 Ke6 52.
Qe3+ Kd6 53. Qb6+ Qc6 54. Qb4+ Qc5 55. Qd2 Qd5 56. Qb4+ Ke6 57. Qb6+ Ke7 58.
Qb4+ Ke6 59. Qb6+ Ke5 60. Qe3+ Qe4 61. Qc5+ Ke6 62. Qb6+ Kf7 63. Qc7+ Qe7 64.
Qc3 Qd7+ 65. Kg2 d2 66. Qb3+ Kg7 67. Qd1 Qd3 68. Kf2 f5 69. Qa1+ Kf7 70. Qd1
Kf6 71. Qa1+ Ke6 72. Qd1 Kd5 73. h4 Ke4 74. Qh1+ Kd4 75. Qa1+ Qc3 76. Qa4+ Kd3
77. Qb5+ Kc2 78. Qa4+ Kc1 79. Qf4 Qc5+ 80. Ke2 Qe7+ 81. Kf3 Qa3+ 82. Ke2 Qa6+
83. Kf2 Qb6+ 84. Kg2 Qc6+ 85. Kh2 Qc3 86. h5 Kb2 87. Qf2 Qd3 88. h6 Qd4 $4 89.
Qe2 $4 Kc1 90. h7 Qh8 91. Qe3 Kc2 92. Qc5+ Kd3 93. Qd5+ Kc3 94. Qc5+ Kb2 95.
Qb4+ Kc1 96. Qc4+ Kd1 97. Qf1+ 1/2-1/2

[Event "Klubbmesterskapet 2024 (A)"]
[Site "Ås, Akershus NOR"]
[Date "2024.04.11"]
[Round "8"]
[White "Samset, Jon"]
[Black "Johansen, Anders Sten"]
[Result "0-1"]
[WhiteElo "1619"]
[BlackElo "1803"]
[PlyCount "96"]
[EventDate "2024.01.25"]

1. e4 c5 2. Nf3 d6 3. d4 cxd4 4. Nxd4 Nf6 5. Bb5+ Nbd7 6. Nc3 a6 7. Ba4 g6 8.
O-O Bg7 9. Be3 O-O 10. Bb3 Nc5 11. f3 Nxb3 12. Nxb3 Bd7 13. Nd4 Qc7 14. Nde2
Rfc8 15. Rc1 b5 16. a3 Rab8 17. Qd3 Be6 18. b3 Nd7 19. Bd4 Bxd4+ 20. Qxd4 Qc5
21. Qxc5 Rxc5 22. Nd1 Nb6 23. Ne3 Rbc8 24. b4 R5c7 25. Nd4 Bc4 26. Rf2 e5 27.
Ne2 Be6 28. f4 Nc4 29. Nxc4 Bxc4 30. fxe5 dxe5 31. Ng3 Kg7 32. h4 Be6 33. h5
Rc3 34. Rf3 Rxf3 35. gxf3 Rc3 36. hxg6 hxg6 37. Kg2 Rxa3 38. Ne2 f5 39. Ng3 Ra2
40. exf5 gxf5 41. Ne2 Rb2 42. Kf2 Rxb4 43. Ra1 Ra4 44. Rxa4 bxa4 45. f4 Kf6 46.
fxe5+ Kxe5 47. Ke3 a3 48. Nc3 a2 0-1

[Event "Klubbmesterskapet 2024 (A)"]
[Site "Ås, Akershus NOR"]
[Date "2024.04.25"]
[Round "9"]
[White "Smith, Robert M"]
[Black "Lea, Per"]
[Result "1-0"]
[WhiteElo "1754"]
[BlackElo "1798"]
[Annotator "Lea, Per"]
[PlyCount "51"]
[EventDate "2024.01.25"]

1. e4 e5 2. Nf3 Nc6 3. Nc3 Nf6 4. d4 exd4 5. Nxd4 Bb4 6. Nxc6 bxc6 7. Bd3 O-O
8. O-O h6 $2 (8... d5 9. exd5 cxd5 $11) 9. e5 Nd5 $4 $18 (9... Bxc3 10. bxc3
Nd5 $16) 10. Nxd5 cxd5 11. Qf3 (11. Qg4 $1) 11... c6 12. Qg4 Qe7 13. Bxh6 Qxe5
14. Bxg7 Qxg7 15. Qxb4 a5 16. Qh4 Rb8 17. Rae1 Rb4 18. f4 f5 19. Re7 Rf7 20.
Re8+ Rf8 21. Rfe1 Re4 22. Rxf8+ Qxf8 23. Qg5+ Kh7 24. Bxe4 dxe4 25. Kh1 Qc5 $4
26. Rxe4 $1 1-0

[Event "Klubbmesterskapet 2024 (A)"]
[Site "Ås, Akershus NOR"]
[Date "2024.05.02"]
[Round "9"]
[White "Andersen, Odd"]
[Black "Samset, Jon"]
[Result "1-0"]
[WhiteElo "1789"]
[BlackElo "1607"]
[PlyCount "73"]
[EventDate "2024.01.25"]

1. d4 d5 2. c4 e5 3. dxe5 d4 4. Nf3 c5 5. g3 Ne7 6. Bg2 Nbc6 7. O-O Ng6 8. Qb3
Rb8 9. Rd1 Be7 10. e3 O-O 11. exd4 cxd4 12. Qd3 Bg4 13. Re1 Nb4 14. Qe4 Bxf3
15. Bxf3 d3 16. Bd1 Bg5 17. Bxg5 Qxg5 18. f4 Nxf4 19. Qxf4 Qxf4 20. gxf4 Rbd8
21. Nc3 Rd4 22. a3 d2 23. Re4 Rxe4 24. Nxe4 Nd3 25. Nxd2 Nxf4 26. Nf3 h6 27.
Bc2 g5 28. Re1 g4 29. Nh4 Nh3+ 30. Kf1 Rd8 31. Nf5 h5 32. Nd6 b6 33. b4 f6 34.
e6 Rxd6 35. e7 Rd2 36. e8=Q+ Kg7 37. Qg6+ 1-0

[Event "Klubbmesterskapet 2024 (A)"]
[Site "Ås, Akershus NOR"]
[Date "2024.04.25"]
[Round "9"]
[White "Kielland-Lund, Jon"]
[Black "Furnes, Torstein"]
[Result "0-1"]
[WhiteElo "1820"]
[BlackElo "1798"]
[Annotator "Furnes,Torstein"]
[PlyCount "118"]
[EventDate "2024.01.25"]

1. c4 c5 2. Nf3 Nc6 3. d4 cxd4 4. Nxd4 Nf6 5. Nc3 e6 6. Ndb5 d6 7. Bf4 e5 8. Bg5 a6 9. Bxf6 gxf6 10. Na3 Be6 (10... f5) 11. e3 {Hos ChessBase Online Database har denne stillingen oppstått i 46 partier. Men mitt neste trekk er ikke tidligere spilt:} Qc7 ({Det vanligste er å spille} 11... f5) 12. Rc1 Be7 13. Be2 Rd8 14. Nd5 Qa5+ 15. Kf1 f5 16. Rc3 $15 Bxd5 $14 (16... Nb4 $15) 17. cxd5 Nb4 18. Bc4 b5 19. Bb3 Qb6 $2 $18 ({Her var det en liten taktisk mulighet:} 19... Nxa2 $1 20. Bxa2 b4 $14) 20. Nc2 Nxc2 21. Qxc2 e4 22. Rc6 Qb7 23. Rc7 Qb6 24. Ke2 ({Førstevalget til Stockfish er} 24. Qc6+ Qxc6 25. dxc6 $18) 24... Bf6 25. g3 ({Stockfish vil fortsatt spille} 25. Qc6+ Qxc6 26. dxc6 $18) 25... O-O 26. Rc1 a5 27. a3 Rfe8 (27... a4) 28. Qd2 a4 29. Ba2 Be5 30. R1c6 Qb8 31. Qc2 {Hvit har oppnådd den berømte "Aljechines kanon", dvs begge tårnene og dronningen i samme linje og med dronningen bakerst !} Qa8 32. Kd1 Qa5 33. Rb7 Ra8 34. Rcc7 Rf8 35. Qe2 Rac8 36. Rc6 Rb8 37. Rcc7 Qa6 $2 $18 {Hvitfordelen spretter nå opp på +5.} 38. Rxb8 ({Hvit får avgjørende angrep etter} 38. Ra7 Qb6 39. Qh5 $18) 38... Rxb8 39. Qh5 Rf8 40. Qe2 $11 {Hvit har lenge hatt fordel, men etter dette trekket er stillingen jevn de neste trekkene.} (40. Qxf5 $18) 40... Qb6 41. Rc6 Qb7 42. Qc2 Ra8 43. Kc1 $17 {Nå overtar svart fordelen resten av partiet.} b4 44. axb4 Qxb4 45. Qd2 Qxd2+ 46. Kxd2 Rb8 47. Rc2 Rxb2 ({Stockfish vil mye heller spille} 47... Bxb2 {med svart fordel på -3.5. Men jeg ville heller forenkle stillingen med tårnbytte, men det gir bare svart fordel på -1 ifølge Stockfish.}) 48. Rxb2 Bxb2 49. Ke2 Kg7 50. f4 exf3+ 51. Kxf3 Kf6 52. Kf4 Be5+ {Et godt felt for løperen !} 53. Kf3 Kg5 54. Bb1 a3 55. h3 h5 56. h4+ Kf6 57. Ba2 Ke7 58. Bc4 Kd7 59. Bb3 Kc7 0-1